000 00385nam a2200133Ia 4500
008 191201s2004 xx 000 0 und d
100 _aJAIN, K C
245 0 _aPrinciples of Automation and Advanced Manufacturing Systems CAD, CAM, FMS, CIMS, AI and Robotics
250 _a1st
260 _aN.Delhi
_bKhanna Publisher
_c2004
300 _a728
650 _aB.Tech(CSE)
942 _2ddc
_cBK
999 _c1739
_d1739